Wszystkie państwa na literę P - Statystyki

Ogólne statystyki
  • Ten quiz został rozwiązany 49 razy
    34 od ostatniego zresetowania
  • Średni wynik to 6 z 8
Statystyki odpowiedzi
Państwo % Poprawnych
Polska
96%
Portugalia
92%
Pakistan
88%
Panama
81%
Peru
77%
Papua-nowa gwinea
69%
Paragwaj
69%
Palau
62%
Nie znaleziono quizów pasujących do podanych kryteriów
Rozkład punktacji
Procent ludzi z każdym wynikiem
Percentyl według liczby udzielonych odpowiedzi
Twoja historia wyników
Nie rozwiązałeś tego quizu od ostatniego zresetowania